000 01466nam a22003977a 4500
003 CHAP
005 20220329140815.0
008 971013s1946 r 00010 d
010 _a57948
011 _a58920
035 _a63076
040 _cCHAP
082 _a980.1
_bS8
100 0 0 _aSteward, Julian H.
_eed.
_9109751
245 _aHandbook of South American indians
260 _aWashington :
_bGovernment Printing Office,
_c1946-50
300 _a7 v.
_b: ilus.
490 _aBureau of American Ethnology Bulletin
_v; 143
500 _aLa biblioteca tiene: v.1-6
590 _aBATCH-UPD
_b10
_c20130110
_lUCH01
_h0636
590 _aBATCH-UPD
_b10
_c20130110
_lUCH01
_h2357
590 _aBATCH-UPD
_b10
_c20130410
_lUCH01
_h0320
590 _aBATCH-UPD
_b10
_c20130914
_lUCH01
_h0756
590 _aCONVERSION
_b10
_c20130109
_lUCH01
_h1331
650 1 4 _aIndios de América del Sur.
_957587
700 0 _aBureau of American Ethnology.
_916133
830 0 _aBureau of American Ethnology Bulletin
_v; 143
_916134
901 _aBK
942 _cLIBRO
949 _a980.1 S8
_bBC
_cBPA
_d-135328
_eBPA
_fv.1
_h26120
_i63076
_si
949 _a980.1 S8
_bBC
_cBPA
_d-135329
_eBPA
_fv.2
_h26121
_i63076
_si
949 _a980.1 S8
_bBC
_cBPA
_d-135330
_eBPA
_fv.3
_h26123
_i63076
_si
949 _a980.1 S8
_bBC
_cBPA
_d-135331
_eBPA
_fv.4
_h26124
_i63076
_si
949 _a980.1 S8
_bBC
_cBPA
_d-135332
_eBPA
_fv.5
_h26125
_i63076
_si
949 _a980.1 S8
_bBC
_cBPA
_d-135333
_eBPA
_fv.6
_h26126
_i63076
_si
999 _c57948
_d57948